| 000 | 00680nam a2200205 i 4500 | ||
|---|---|---|---|
| 001 | 141570 | ||
| 003 | ES-MaACL | ||
| 005 | 20250809095021.0 | ||
| 007 | t| | ||
| 008 | 070925s1967 sp |||| | spa d | ||
| 100 | 0 |
_aVoltaire, _d1694-1778 _9115721 |
|
| 245 | 1 | 0 |
_aCándido o el optimismo / _cVoltaire ; traducción de Leandro Fernández Moratín ; edición e introducción de Jesús Munarriz Peralta. |
| 260 |
_aMadrid : _bCiencia Nueva, _c1967. |
||
| 300 |
_a219 p. ; _c18 cm. |
||
| 700 | 1 |
_aFernández de Moratín, Leandro, _d1760-1828 _949695 |
|
| 700 | 1 |
_aMunárriz, Jesús. _984170 |
|
| 852 |
_aES-MaACL _jC-33328 |
||
| 942 | _2udc | ||
| 999 |
_c141570 _d141570 |
||